MARC

LEADER 00000nam0a2200000 4500
001 324179
005 20231102003637.0
035 |a (RuTPU)RU\TPU\book\349776 
090 |a 324179 
100 |a 20161109d1957 km y0rusy50 ca 
101 0 |a rus 
102 |a RU 
105 |a a z 001zy 
200 1 |a Развитие отечественной техники перегонки нефти и мазута  |f П. М. Лозгачев 
210 |a Москва  |c Гостоптехиздат  |d 1957 
215 |a 168 с.  |c ил. 
320 |a Библиогр.: с. 164-167 
606 1 |a Нефтепереработка  |x Перегонка  |2 stltpush  |3 (RuTPU)RU\TPU\subj\45724  |9 64915 
610 1 |a мазут 
610 1 |a техника 
610 1 |a возникновение 
610 1 |a развитие 
610 1 |a Россия 
610 1 |a нефтеперегонный куб 
610 1 |a трубчатые печи 
610 1 |a теплообменные аппараты 
610 1 |a холодильники 
610 1 |a дефлегматоры 
610 1 |a ректификационные колонны 
610 1 |a нефтеперегонные трубчатые установки 
610 1 |a мазутоперегонные трубчатые установки 
675 |a 665.63.04  |v 4 
700 1 |a Лозгачев  |b П. М.  |g Павел Михайлович 
801 1 |a RU  |b 63413507  |c 20161109 
801 2 |a RU  |b 63413507  |c 20200730  |g RCR 
942 |c BK